Stazioni ed ex-stazioni della linea ferroviaria Firenze - Faenza - Statistics

Statistiche generali
  • Questo quiz è stato fatto 13 volte
  • Il punteggio medio è 7 su 32
Statistiche sulle risposte
Progressiva chilometrica (Km/m) Stazione / Fermata Altitudine s.l.m. Dettagli % Corretto
0 + 000 Firenze S.M.N. - (Firenze Campo di Marte) 48 - (53) m
92%
100 + 949 Faenza 34 m
58%
66 + 619 Marradi - Palazzuolo sul Senio 319 m
58%
87 + 935 Brisighella 105 m
42%
34 + 615 Borgo San Lorenzo 212 m
33%
8 + 750 Fiesole - Caldine 169 m
33%
22 + 735 Vaglia 292 m
33%
64 + 508 Biforco 360 m
25%
3 + 126 Firenze San Marco Vecchio
25%
(1 + 200) Le Cure Dal 2001
25%
26 + 730 Campomigliaio
17%
56 + 362 Crespino del Lamone 526 m
17%
83 + 960 Fognano 139 m
17%
3 + 608 Il Cionfo (PM) Posto di movimento
17%
14 + 397 Montorsoli (PM) 251 m Posto di movimento
17%
6 + 964 Pian di Mugnone
17%
43 + 438 Ronta 406 m
17%
4 + 325 Salviati Fine servizio 2012
17%
29 + 853 San Piero a Sieve 211 m
17%
80 + 647 Strada Casale 169 m Dal 1949
17%
15 + 984 Cercina 276 m Fine servizio 2012
8%
Fantino 422 m Fine servizio 1961
8%
19 + 751 Fontebuona 330 m Fine servizio 2012
8%
49 + 767 Fornello 537 m Fine servizio 1968
8%
11 + 844 Mimmole Fine servizio 2012
8%
68 + 958 Popolano di Marradi 296 m
8%
75 + 945 San Cassiano 217 m
8%
72 + 082 San Martino in Gattara 261 m
8%
79 + 074 Sant'Eufemia di Brisighella 191 m Fine servizio 2012
8%
25 + 895 Tagliaferro Fine servizio 1940
8%
38 + 098 Panicaglia 281 m Fine servizio 2012
0%
92 + 935 San Cristoforo Faentino Fine servizio 1960
0%
Nessun quiz corrispondente trovato
Distribuzione punteggi
Percentuale di utenti per punteggio
Percentile per numero di risposta
I tuoi punteggi nel tempo
Non hai fatto questo quiz